Culture Générale - Série 184 - Statistiques

Statistiques générales
  • Ce quiz a été pris 288 fois
  • Le résultat moyen est 6 sur 10
Statistiques - réponses
Question Réponse % Correct
Quel pays a remporté le plus de Coupes du monde de football ? Brésil
97%
Quelle mythologie compte Hadès parmi ses divinités ? Grecque
93%
De quel pays la Croatie a-t-elle fait partie de 1945 à 1991 ? Yougoslavie
91%
Quelle ville de l'Hérault a la gare Saint-Roch pour gare principale ? Montpellier
85%
Dans quelle partie du corps humain l'hypothalamus se trouve-t-il ? Cerveau
79%
Quelle partie de son corps Tartuffe demande-t-il à Dorine de couvrir? Son sein
63%
Quel chat prénommé Thomas vient en aide aux "Aristochats" ? O'Malley
32%
En 1961, quel prénom féminin est chanté par Les Chaussettes noires ? Daniela
27%
Comment s'appelle "Le Médecin malgré lui" dans la pièce de Molière ? Sganarelle
13%
Dans la série "24 heures chrono", comment se prénomme la fille de Jack Bauer ? Kim
4%
Aucun quiz correspondant
Distribution des résultats
% des personnes avec chaque résultat
Percentile par nombre de réponses
Votre historique - résultats
Vous n’avez pas pris ce quiz